Rubber-solvent interaction charracterization by inverse gas chromatography- Plybutadiene, poly-(acrylonitrile-co butadiene) and various solvents (Record no. 68310)

MARC details
000 -LEADER
fixed length control field 00519nam a2200133Ia 4500
100 ## - MAIN ENTRY--AUTHOR NAME
Personal name Tazaki M
245 #0 - TITLE STATEMENT
Title Rubber-solvent interaction charracterization by inverse gas chromatography- Plybutadiene, poly-(acrylonitrile-co butadiene) and various solvents
260 ## - PUBLICATION, DISTRIBUTION, ETC. (IMPRINT)
Name of publisher Proceedings of the International Rubber Conference, Kobe, Japan, 1995; p196-199
650 ## - SUBJECT ADDED ENTRY--TOPICAL TERM
Topical Term Inverse gas chromatography
650 ## - SUBJECT ADDED ENTRY--TOPICAL TERM
Topical Term Rubber-solvent interaction
700 ## - ADDED ENTRY--PERSONAL NAME
Personal name Homma T
942 ## - ADDED ENTRY ELEMENTS (KOHA)
Koha item type Journals
Holdings
Withdrawn status Lost status Damaged status Not for loan Home library Current library Shelving location Date acquired Koha item type
      Journals RRII Library RRII Library Rubber chemistry 17/12/2021 Journals